Trace analysis.

Bibliographic Details
Format: Serial
Language:English
Published: New York, N.Y. : Academic Press, [1981-1985]
Subjects:
Online Availability: Check for online availability

MARC

Tag First Indicator Second Indicator Subfields
LEADER 00000aas a2200000 a 4500
001 in00000078338
005 20151008060731.0
008 810319c19811985nyuar1 0uuua0eng d
010 |a  82640993   |z sn 81000796  
012 |a 2  |l 1 
022 0 |a 0275-844X 
035 |a (OCoLC)07240447 
035 |9 AAJ6449AM 
037 |b Academic Press, inc., 111 5th Ave., N.Y., NY 10003 
040 |a NSD  |c NSD  |d DLC  |d TXA  |d UtOrBLW 
042 |a lc  |a nsdp 
049 |a TXAE 
050 0 0 |a 543 
090 |a QD139.T7  |b T68 
210 0 |a Trace anal. 
222 0 |a Trace analysis 
245 0 0 |a Trace analysis. 
264 1 |a New York, N.Y. :  |b Academic Press,  |c [1981-1985] 
264 4 |c ©1981-1985 
300 |a 4 volumes :  |b illustrations ;  |c 24 cm. 
310 |a Annual 
336 |a text  |b txt  |2 rdacontent 
337 |a unmediated  |b n  |2 rdamedia 
338 |a volume  |b nc  |2 rdacarrier 
362 0 |a Vol. 1 (1981)-v. 4 (1985). 
650 0 |a Trace elements  |x Analysis. 
999 |a MARS 
999 f f |s 10b28f11-473f-3705-8c71-6e65edb5aa01  |i b71b5ea9-9797-31ba-b0aa-46711db744da  |t 0 
952 f f |a Texas A&M University  |b Rellis Campus  |c Joint Library Facility  |d Remote Storage  |e QD139.T7 T68  |h Library of Congress classification  |i unmediated -- volume  |k v.4  |l 1985  |m A14808411422  |p ric  |s JLF  |t 0 
952 f f |p normal  |a Texas A&M University  |b Galveston Campus  |c Jack K. Williams Library  |s galv stk  |d Galveston Stacks  |t 0  |e QD139.T7 T68  |h Library of Congress classification  |i unmediated -- volume  |k v.3  |m 33620000072146 
952 f f |p normal  |a Texas A&M University  |b Galveston Campus  |c Jack K. Williams Library  |s galv stk  |d Galveston Stacks  |t 0  |e QD139.T7 T68  |h Library of Congress classification  |i unmediated -- volume  |k v.1  |m 33620000427803 
952 f f |a Texas A&M University  |b Rellis Campus  |c Joint Library Facility  |d Remote Storage  |e QD139.T7 T68  |h Library of Congress classification  |i unmediated -- volume  |k v.3  |l 1984  |m A14808839777  |p ric  |s JLF  |t 0 
952 f f |p normal  |a Texas A&M University  |b Galveston Campus  |c Jack K. Williams Library  |s galv stk  |d Galveston Stacks  |t 0  |e QD139.T7 T68  |h Library of Congress classification  |i unmediated -- volume  |k v.2  |m 33620000072138 
952 f f |a Texas A&M University  |b Rellis Campus  |c Joint Library Facility  |d Remote Storage  |e QD139.T7 T68  |h Library of Congress classification  |i unmediated -- volume  |k v.2  |l 1982  |m A14808336591  |p ric  |s JLF  |t 0 
952 f f |a Texas A&M University  |b Rellis Campus  |c Joint Library Facility  |d Remote Storage  |e QD139.T7 T68  |h Library of Congress classification  |i unmediated -- volume  |k v.1  |l 1981  |m A14807840848  |p ric  |s JLF  |t 0 
998 f f |a QD139.T7 T68  |s v.1 (1981)-v.4 (1985)  |t 0  |l Remote Storage 
998 f f |a QD139.T7 T68  |s v.1-v.3  |t 0  |l Galveston Stacks